|
|
|
|
| LEADER |
00000nab a2200000 a 4500 |
| 001 |
vtls011560247 |
| 003 |
SK-MaSNL |
| 005 |
20260303083832.0 |
| 008 |
160615|20160610xo z||p 000 0 slo |
| 038 |
|
|
|a KEVKJB
|
| 040 |
|
|
|a KEVKJB
|b slo
|c KEVKJB
|e AACR2
|
| 041 |
0 |
|
|a slo
|
| 044 |
|
|
|a xo
|c SK
|
| 080 |
|
|
|a 725.1:613.47-026.912
|2 2011
|
| 100 |
1 |
|
|a Gécziová, Katarína
|4 aut
|9 1031787
|
| 245 |
1 |
0 |
|a Obnova legendárneho Čehačka: Projekt nepočítal s tribúnami
|b kúpi mesto mobilné hľadisko pre fanúšikov?
|c Katarína Gécziová
|
| 300 |
|
|
|b Fotogr.
|
| 610 |
2 |
7 |
|a Červená hviezda (kúpalisko : Košice, Slovensko)
|2 kevkjb
|9 1087451
|
| 650 |
0 |
7 |
|a kúpaliská
|z Košice (Slovensko)
|2 kevkjb
|9 1037264
|
| 651 |
|
7 |
|a Košice (Slovensko)
|2 kevkjb
|9 18694
|
| 773 |
0 |
|
|t košice:dnes
|g Roč. 3, č. 135 (10.6.2016), s. 3
|x 1339-7605
|
| 852 |
|
|
|a KEVKJB
|b KIS3GCP
|
| 856 |
4 |
1 |
|u http://kosice.korzar.sme.sk/c/8202325/obnova-legendarneho-kosickeho-kupaliska-projekt-nepocital-s-tribunami.html
|
| 999 |
|
|
|c 1793145
|d 1795075
|